<?xml version="1.0" encoding="UTF-8"?><?xml-stylesheet type="text/xsl" href="static/style.xsl"?><OAI-PMH xmlns="http://www.openarchives.org/OAI/2.0/" xmlns:xsi="http://www.w3.org/2001/XMLSchema-instance" xsi:schemaLocation="http://www.openarchives.org/OAI/2.0/ http://www.openarchives.org/OAI/2.0/OAI-PMH.xsd"><responseDate>2026-06-01T18:44:49Z</responseDate><request verb="GetRecord" identifier="oai:riuma.uma.es:10630/37273" metadataPrefix="marc">https://riuma.uma.es/rest/oai/request</request><GetRecord><record><header><identifier>oai:riuma.uma.es:10630/37273</identifier><datestamp>2026-02-03T11:24:49Z</datestamp><setSpec>com_10630_2254</setSpec><setSpec>col_10630_37953</setSpec></header><metadata><record xmlns="http://www.loc.gov/MARC21/slim" xmlns:dcterms="http://purl.org/dc/terms/" xmlns:doc="http://www.lyncode.com/xoai" xmlns:xsi="http://www.w3.org/2001/XMLSchema-instance" xsi:schemaLocation="http://www.loc.gov/MARC21/slim http://www.loc.gov/standards/marcxml/schema/MARC21slim.xsd">
   <leader>00925njm 22002777a 4500</leader>
   <datafield ind2=" " ind1=" " tag="042">
      <subfield code="a">dc</subfield>
   </datafield>
   <datafield ind2=" " ind1=" " tag="720">
      <subfield code="a">Campos-García, José Luis</subfield>
      <subfield code="e">author</subfield>
   </datafield>
   <datafield ind2=" " ind1=" " tag="260">
      <subfield code="c">2010</subfield>
   </datafield>
   <datafield ind2=" " ind1=" " tag="520">
      <subfield code="a">La informática aplicada a la música ha guiado la aparición nuevos&#xd;
instrumentos, nuevos géneros musicales y nuevas formas de consumo. Esta&#xd;
amplia renovación conducida por la innovación tecnológica no tiene&#xd;
precedentes en la historia de la música, porque además de los cambios en&#xd;
las formas de producción, distribución y recepción de la música, ha ido&#xd;
moldeando un nuevo enfoque epistémico de la actividad musical.</subfield>
   </datafield>
   <datafield ind1="8" ind2=" " tag="024">
      <subfield code="a">Campos García, J. L. (2010). Migraciones tecnológicas y conceptuales en el campo de la música, en Contreras, F.; Méndez, A. y Silva, V. (eds.) Estudios Culturales Iberoamericanos. El desierto y la sed, volumen I. I IC – Revista Científica de Información y Comunicación Nº 7, pp. 255-275. Departamento de Periodismo 1 de la Universidad de Sevilla, Secretariado de Publicaciones.</subfield>
   </datafield>
   <datafield ind1="8" ind2=" " tag="024">
      <subfield code="a">1696-2508</subfield>
   </datafield>
   <datafield ind1="8" ind2=" " tag="024">
      <subfield code="a">https://icjournal-ojs.org/index.php/IC-Journal/article/view/222</subfield>
   </datafield>
   <datafield ind1="8" ind2=" " tag="024">
      <subfield code="a">https://hdl.handle.net/10630/37273</subfield>
   </datafield>
   <datafield tag="653" ind2=" " ind1=" ">
      <subfield code="a">Música por ordenador</subfield>
   </datafield>
   <datafield ind2="0" ind1="0" tag="245">
      <subfield code="a">Migraciones tecnológicas y conceptuales en el campo de la música.</subfield>
   </datafield>
</record>
</metadata></record></GetRecord></OAI-PMH>